02621nam a22003137a 4500003000400000005001700004008004100021040007300062050002400135100003100159245012300190260006700313300004500380500010800425504005600533520142000589546002102009650001802030650004002048650002302088650001202111650001002123650001402133650001802147700003102165700003302196700003502229700004302264OSt20220811202237.0220811b ||||| |||| 00| 0 eng d aCvSU-CCAT Campus Library.bEnglish.cCvSU-CCAT Campus Library.erda. aUM TJ1185bD59 2018 aDizon, Jaffzel B., Author. aDevelopment of Grinder Cut Off Saw with Cooling System / cJaffzel B. Dizon, Danilo C. Larios, and Aldrex C. Granadil. aRosario, Cavite :bCavite State University-CCAT Campus,c2018. axiv, 58 leaves :billustrations ;c28 cm aDesign Project (BSIT) Major in Stationary Marine Technology--Cavite State University-CCAT Campus, 2018. aIncludes bibliographical references and appendices. aDIZON JAFFZEL B., LARIOS DANILO C., and GRANADIL ALDREX B,. Development of Grinder Cut off Saw with Cooling System.Undergraduate Design Project Study. Bachelor of Science in Industrial Technology. Cavite State University Rosario Campus, Rosario, Cavite. March 2017. Adviser: Mr. Josefino E. Ambayec. Technical critic: Danilo G. Santiago. The study was conducted from July 2015 to April 2017 to develop a Grinder Cut off Saw with Cooling System. Specifically, the project aimed to: 1.design a Grinder Cut off Saw with Cooling System 2. construct a Grinder Cut off Saw with Cooling System 3. evaluate the performance of the Grinder Cut off Saw with Cooling System in terms of a. speed of cutting with and without cooling system b. the temperature of cooling system 4. compute for the fixed and variable cost of the project. Grinder Cut off Saw with Cooling System was developed to cut different sizes of ferous metals, cut off saw machine was provided with coolant to prevent the dullness of the blade immediately after many usage. It has a motor pump and water tank and the source of water to flow inside the flexible hose directly to the blade and work piece.The developed device can cut 1 mm to 51 mm size of ferrous metals. It cutferrous metal faster and conveniently without overheating the blade and the work piece. The coolant protect the blade from dullness. The total cost of the project was PHP. 40,249.14 aIn English text. aMachine-Tools aCut off grinder with cooling system aCut of saw machine aCoulant aBlade aPrototype aCost analysis aLarios, Danilo C., Author. aGranadil, Aldrex C., Author. aAmbayec, Josefino E., Adviser. aSantiago, Danilo G., Technical critic.